000 00241nam a22001097a 4500
082 _a621.39732 MET'P
100 _aPOPE, J. A
_978079
245 _aMETAL FATIGUE
260 _aLONDON
_bCHAPMAN& HALL
_c1959
300 _a381P
_b21
942 _cBK
999 _c583234
_d583234